000 01574cam a22001577i 4500
999 _c12643
_d12643
003 OSt
005 20240430194155.0
008 201002s2021 dcua 000 0 eng
020 _a9781642830781
_q(paperback)
082 _a372.21
100 1 _aLatané, Claire,
_d1969-
_eauthor.
245 1 0 _aSchools that heal :
_bdesign with mental health in mind /
_cClaire Latané.
300 _axviii, 260 pages :
_billustrations ;
_c24 cm
520 _a"Research shows that access to nature, big classroom windows, and open campuses along active streets reduce stress, anxiety, disorderly conduct, and crime. Yet, too many American public schools look and feel like prisons. They are designed out of fear of vandalism, truancy, and added maintenance costs. Despite decades of research demonstrating the benefits of restorative school environments for students' mental, physical, and academic success, they aren't yet part of mainstream conversations about mental health and wellbeing, or school planning, design, maintenance, and safety. Restorative school environments can invite and build a broad community around our children and adolescents; improve the quality of the neighborhood; reduce students' anxiety and aggression; and make them feel safer, more hopeful, and whole. Schools That Heal explains the compelling connections between human health and school design, and look at how investing in school design elements-large and small- that promote health can positively impact both students and the entire community, promoting resilience and environmental justice"--
942 _2ddc